Types of Guitar Pedals and Effects - Statistics

General Stats
  • This quiz has been taken 267 times
  • The average score is 10 of 15
Answer Stats
Hint Effect % Correct
Simulates sound bouncing off surfaces in a space reverb
90%
Produces repeating copies of the original sound delay
86%
Hard clipping; aggressive, tight distortion
86%
Extreme clipping; buzzy, chaotic fuzz
79%
Records and plays back short sections of playing indefinitely looper
76%
Soft clipping; warm like a tube amp, responsive overdrive
75%
Duplicates the signal and slightly delays and detunes the copy chorus
68%
Band-pass filter with movable center frequency; controls bass/treble wah
64%
Specialized version of the above that transposes 12 semitones octave
61%
Smooths out volume levels by boosting quiet sounds and reducing loud ones compressor
58%
Duplicates the signal and delays it by a modulating amount flanger
55%
Duplicates the signal and shifts it; Smooth, swooshing, liquid phaser
55%
Rapidly oscillates volume to create a pulsing, throbbing rhythm tremolo
47%
A variety of the above that mimics natural acoustic reflections echo
46%
Transposes any note played by a given amount pitch
36%
No matching quizzes found
Score Distribution
Percent of People with Each Score
Percentile by Number Answered
Your Score History
You have not taken this quiz